Tu fantastico y elastico cerebro : (Registro nro. 12103)

Detalles MARC
000 -CABECERA
Longitud fija campo de control 00735nam a2200229 c 4500
003 - • IDENTIFICADOR DELl NÚMERO DE CONTROL
Identificador del número de control CO-ViMGA
005 - • FECHA Y HORA DE LA ÚLTIMA TRANSACCIÓN
Fecha y hora de la última transacción 20230915225026.0
008 - • CÓDIGOS DE INFORMACIÓN DE LONGITUD FIJA
Códigos de información de longitud fija 130319s2013 sp a | |||| 000 0 spa
020 ## - • NÚMERO INTERNACIONAL NORMALIZADO PARA LIBROS
Número Internacional Normalizado para Libros (ISBN) 9788426139566
040 ## - FUENTE DE LA CATALOGACIÓN
Centro catalogador de origen CO-ViMGA
Lengua de catalogación spa
Centro transcriptor CO-ViMGA
041 1# - • CÓDIGO DE LENGUA
Código de lengua original eng
082 04 - • NÚMERO DE LA CLASIFICACIÓN DECIMAL DEWEY
Número de edición 1 ra
Número de clasificación (R) CJOAf
100 1# - • PUNTO DE ACCESO PRINCIPAL-NOMBRE DE PERSONA
Nombre de persona Deak, Joann
245 10 - • TITULO PROPIAMENTE DICHO
Título Tu fantastico y elastico cerebro :
Resto del título estiralo y moldealo
Mención de responsabilidad, etc. Joann Deak ; ilustrado por Sarah Ackerley ; [traduccin̤ de Teresa Farran]
250 ## - • MENCIÓN DE EDICIÓN
Mención de edición 1® ed.
300 ## - • DESCRIPCIÓN FÍSICA
Extensión [32] p.
Otras características físicas principalmente il. col.
Dimensiones 26 x 26 cm
650 17 - • PUNTO DE ACCESO ADICIONAL DE MATERIA - TÉRMINO DE MATERIA
Término de materia o nombre geográfico como elemento inicial Cerebro
Subdivisión de materia general Fisiologa̕
Subdivisión de forma Libros infantiles
Fuente del encabezamiento o término embne
700 1# - • PUNTO DE ACCESO ADICIONAL - NOMBRE DE PERSONA
Nombre de persona Ackerley, Sarah
942 ## - ENTRADA DE ELEMENTOS AGREGADOS (KOHA)
Fuente de clasificaión o esquema Dewey Decimal Classification
Koha [por defecto] tipo de item LIbro
Existencias
Perdido Fuente de clasificación o esquema Estado Físico No para préstamo Forma de adquisición Localización permanente Localización actual Fecha adquisición Préstamos totales Signatura completa Código de barras Fecha última consulta Fecha último préstamo Número de copia Fecha del precio de reemplazo Tipo de item de Koha Localización en estanterías Note pública
        Colección Sala Infantil de Literatura Pocatil y Tilín Biblioteca Pública Departamental Eduardo Carranza - Villavicencio Biblioteca Pública Departamental Eduardo Carranza - Villavicencio 09/30/2014   612.825 D21t ECA22281 11/26/2024   Ej.1 11/26/2024 LIbro Sala Infantil 17170 | 22073
  Dewey Decimal Classification     Sala Infantil Segundo Piso Biblioteca Pública Germán Arciniegas - Villavicencio Biblioteca Pública Germán Arciniegas - Villavicencio 12/02/2015 1 CJOAf 29261 09/24/2018 09/21/2018 1 12/03/2015 LIbro    









Instituto Departamental de Cultura del Meta - Red Departamental de Bibliotecas Públicas del Meta.